Central Library OPAC University of Rajshahi

Introduction to plant biotechnology / (Record no. 37200)

MARC details
000 -LEADER
fixed length control field 00887nam a22002894a 4500
001 - CONTROL NUMBER
control field 37200
003 - CONTROL NUMBER IDENTIFIER
rucl marc code BD-RjUL
005 - DATE AND TIME OF LATEST TRANSACTION
control field 20211209052604.0
008 - FIXED-LENGTH DATA ELEMENTS--GENERAL INFORMATION
fixed length control field 141112r20082002nhua b 001 0 eng
020 ## - INTERNATIONAL STANDARD BOOK NUMBER
International Standard Book Number 8120415493
International Standard Book Number 1578082285 (pbk.)
035 ## - SYSTEM CONTROL NUMBER
System control number (BD-RjUL)37302
040 ## - CATALOGING SOURCE
Original cataloging agency DLC
Transcribing agency DLC
Modifying agency DLC
-- BD-RjUL
Language of cataloging eng
041 ## - LANGUAGE CODE
Language code of text/sound track or separate title eng
082 00 - DEWEY DECIMAL CLASSIFICATION NUMBER
Classification number 631.5233
Edition number 21
Author mark and year CHI 2008
100 1# - MAIN ENTRY--PERSONAL NAME
Personal name Chawla, H. S.
9 (RLIN) 113900
245 10 - TITLE STATEMENT
Title Introduction to plant biotechnology /
Statement of responsibility, etc. H.S. Chawla.
246 30 - VARYING FORM OF TITLE
Title proper/short title plant biotechnology
250 ## - EDITION STATEMENT
Edition statement 2nd ed.
260 ## - PUBLICATION, DISTRIBUTION, ETC. (IMPRINT)
Place of publication, distribution, etc. Enfield, N.H. :
Name of publisher, distributor, etc. Science Publishers,
Date of publication, distribution, etc. c2002 [Reprinted 2008]
300 ## - PHYSICAL DESCRIPTION
Pagination xxiv, 538 p. :
Illustrations ill. (some col.) ;
Size 24 cm.
504 ## - BIBLIOGRAPHY, ETC. NOTE
Bibliography, etc Includes bibliographical references (p. [487]-500) and indexes.
650 #0 - SUBJECT ADDED ENTRY--TOPICAL TERM
Topical term or geographic name as entry element Plant biotechnology.
9 (RLIN) 113901
942 ## - ADDED ENTRY ELEMENTS (KOHA)
Source of classification or shelving scheme Dewey Decimal Classification
Koha item type Books
Holdings
Lost status Source of classification or shelving scheme Damaged status Not for loan Permanent Location Current Location Shelving location Date acquired Cost, normal purchase price Total Checkouts Full call number Date last seen Copy number Koha item type
  Dewey Decimal Classification   Not For Loan Institute of Biological Sciences (IBSc) Library Institute of Biological Sciences (IBSc) Library   12/11/2014 620.00   631.5233 CHI 2008 12/11/2014 C-1 Books